[Event "Girls U12 Polish Youth Championship"]
[Site "chess24.com"]
[Date "2018.04.30"]
[Round "3"]
[White "Jedrzejewska, Zuzanna"]
[Black "Roszkiewicz, Zofia"]
[Result "1/2-1/2"]
[Board "16"]
[WhiteElo "1152"]
[WhiteCountry "POL"]
[WhiteFideId "21833770"]
[WhiteEloChange "3"]
[BlackElo "1257"]
[BlackCountry "POL"]
[BlackFideId "21837384"]
[BlackEloChange "-3"]

1. e4 {[%clk 1:30:58]} c5 {[%clk 1:30:48]} 2. Nf3 {[%clk 1:31:08]} Nc6 {[%clk
1:31:07]} 3. c4 {[%clk 1:31:33]} d6 {[%clk 1:29:39]} 4. d4 {[%clk 1:29:16]} Bg4
{[%clk 1:24:19]} 5. dxc5 {[%clk 1:22:19]} dxc5 {[%clk 1:23:03]} 6. Qb3 {[%clk
1:17:51]} Qd7 {[%clk 0:54:28]} 7. Nbd2 {[%clk 1:13:06]} e5 {[%clk 0:50:19]} 8.
Be2 {[%clk 1:12:49]} Nf6 {[%clk 0:49:56]} 9. O-O {[%clk 1:10:58]} Be7 {[%clk
0:49:10]} 10. Rd1 {[%clk 1:06:43]} O-O {[%clk 0:48:53]} 11. Nf1 {[%clk 1:00:53]}
Qc7 {[%clk 0:48:22]} 12. Ng3 {[%clk 1:00:39]} Rfd8 {[%clk 0:47:23]} 13. Bg5
{[%clk 0:59:43]} h6 {[%clk 0:46:55]} 14. Bxf6 {[%clk 0:53:35]} Bxf6 {[%clk
0:45:53]} 15. Qa3 {[%clk 0:52:36]} b6 {[%clk 0:44:13]} 16. Rab1 {[%clk 0:50:40]}
Rxd1+ {[%clk 0:42:58]} 17. Rxd1 {[%clk 0:50:00]} Rd8 {[%clk 0:43:18]} 18. h3
{[%clk 0:49:19]} Nd4 {[%clk 0:33:57]} 19. Nxd4 {[%clk 0:47:10]} Bxe2 {[%clk
0:33:06]} 20. Ngxe2 {[%clk 0:46:46]} exd4 {[%clk 0:32:42]} 21. Qb3 {[%clk
0:41:27]} Qe5 {[%clk 0:31:29]} 22. Qd3 {[%clk 0:40:19]} Re8 {[%clk 0:29:44]} 23.
Ng3 {[%clk 0:40:08]} Bh4 {[%clk 0:27:13]} 24. Re1 {[%clk 0:38:18]} Bxg3 {[%clk
0:26:26]} 25. Qxg3 {[%clk 0:36:21]} Qxg3 {[%clk 0:26:18]} 26. fxg3 {[%clk
0:36:29]} f5 {[%clk 0:26:03]} 27. e5 {[%clk 0:36:05]} Kf7 {[%clk 0:25:36]} 28.
Kf2 {[%clk 0:36:25]} g5 {[%clk 0:24:27]} 29. g4 {[%clk 0:35:05]} Kg6 {[%clk
0:17:04]} 30. Re2 {[%clk 0:33:02]} fxg4 {[%clk 0:13:44]} 31. hxg4 {[%clk
0:33:12]} Kf7 {[%clk 0:13:54]} 32. Ke1 {[%clk 0:33:01]} Ke6 {[%clk 0:12:27]} 33.
Kd2 {[%clk 0:33:07]} Rd8 {[%clk 0:11:55]} 34. Re4 {[%clk 0:32:00]} Re8 {[%clk
0:11:52]} 35. Re1 {[%clk 0:31:23]} h5 {[%clk 0:11:30]} 36. gxh5 {[%clk 0:31:26]}
Kf5 {[%clk 0:10:47]} 37. Kd3 {[%clk 0:30:44]} Rxe5 {[%clk 0:10:41]} 38. Rxe5+
{[%clk 0:28:40]} Kxe5 {[%clk 0:10:54]} 39. g4 {[%clk 0:29:04]} a6 {[%clk
0:10:32]} 40. a4 {[%clk 0:29:12]} a5 {[%clk 0:10:04]} 41. b3 {[%clk 0:29:28]} Ke6
{[%clk 0:09:21]} 42. Ke2 {[%clk 0:29:30]} Kf6 {[%clk 0:09:37]} 1/2-1/2

[Event "Girls U12 Polish Youth Championship"]
[Site "chess24.com"]
[Date "2018.04.30"]
[Round "3"]
[White "Bukala, Weronika"]
[Black "Romejko, Jagoda"]
[Result "1-0"]
[Board "17"]
[WhiteElo "1255"]
[WhiteCountry "POL"]
[WhiteFideId "21859515"]
[WhiteEloChange "5"]
[BlackElo "1083"]
[BlackCountry "POL"]
[BlackFideId "21836523"]
[BlackEloChange "-5"]

1. e4 {[%clk 1:30:31]} e5 {[%clk 1:30:43]} 2. Nf3 {[%clk 1:30:14]} Nc6 {[%clk
1:30:48]} 3. Bc4 {[%clk 1:29:43]} Nf6 {[%clk 1:30:23]} 4. c3 {[%clk 1:22:11]} d6
{[%clk 1:25:39]} 5. Qb3 {[%clk 1:11:15]} Be6 {[%clk 1:00:43]} 6. Bxe6 {[%clk
1:03:56]} fxe6 {[%clk 1:00:55]} 7. Qxe6+ {[%clk 1:02:21]} Qe7 {[%clk 1:00:03]} 8.
Qxe7+ {[%clk 1:00:54]} Bxe7 {[%clk 1:00:30]} 9. d3 {[%clk 0:58:54]} O-O {[%clk
0:59:15]} 10. O-O {[%clk 0:57:47]} Rad8 {[%clk 0:51:58]} 11. Bg5 {[%clk 0:54:11]}
d5 {[%clk 0:49:33]} 12. Nbd2 {[%clk 0:49:40]} d4 {[%clk 0:42:21]} 13. cxd4 {[%clk
0:45:55]} exd4 {[%clk 0:41:12]} 14. Bf4 {[%clk 0:42:23]} Rd7 {[%clk 0:35:03]} 15.
Rac1 {[%clk 0:35:24]} Nh5 {[%clk 0:34:00]} 16. Ne5 {[%clk 0:30:03]} Nxe5 {[%clk
0:31:58]} 17. Bxe5 {[%clk 0:28:35]} c5 {[%clk 0:31:09]} 18. Nb3 {[%clk 0:25:28]}
b6 {[%clk 0:31:18]} 19. a4 {[%clk 0:24:44]} Nf4 {[%clk 0:30:05]} 20. Bxf4 {[%clk
0:22:18]} Rxf4 {[%clk 0:30:13]} 21. a5 {[%clk 0:21:01]} Bd6 {[%clk 0:27:44]} 22.
axb6 {[%clk 0:18:54]} axb6 {[%clk 0:28:02]} 23. Rfe1 {[%clk 0:17:21]} Be5 {[%clk
0:27:47]} 24. Nd2 {[%clk 0:16:37]} Rf6 {[%clk 0:25:17]} 25. Nf3 {[%clk 0:15:18]}
Bf4 {[%clk 0:23:13]} 26. Ra1 {[%clk 0:13:40]} b5 {[%clk 0:17:22]} 27. e5 {[%clk
0:09:28]} Re6 {[%clk 0:16:56]} 28. Re4 {[%clk 0:09:16]} Bh6 {[%clk 0:16:51]} 29.
Nh4 {[%clk 0:06:28]} c4 {[%clk 0:16:31]} 30. dxc4 {[%clk 0:06:02]} bxc4 {[%clk
0:16:52]} 31. Nf5 {[%clk 0:06:01]} Bd2 {[%clk 0:16:47]} 32. Nxd4 {[%clk 0:05:01]}
Rb6 {[%clk 0:15:08]} 33. Ra8+ {[%clk 0:04:06]} Kf7 {[%clk 0:15:11]} 34. e6+
{[%clk 0:04:21]} Ke7 {[%clk 0:15:13]} 35. exd7+ {[%clk 0:04:16]} Kxd7 {[%clk
0:15:36]} 36. Nc2 {[%clk 0:02:22]} Rxb2 {[%clk 0:15:34]} 37. Rd4+ {[%clk
0:02:39]} Ke6 {[%clk 0:15:44]} 38. h3 {[%clk 0:02:05]} Rxc2 {[%clk 0:16:04]} 39.
Rc8 {[%clk 0:02:08]} c3 {[%clk 0:16:27]} 40. Rc6+ {[%clk 0:02:13]} Ke5 {[%clk
0:16:41]} 41. Rh4 {[%clk 0:02:18]} h6 {[%clk 0:16:50]} 42. Rh5+ {[%clk 0:02:24]}
Kd4 {[%clk 0:17:06]} 43. Rd6+ {[%clk 0:02:11]} Kc4 {[%clk 0:16:57]} 44. Rc6+
{[%clk 0:02:20]} Kd4 {[%clk 0:17:18]} 45. Ra5 {[%clk 0:02:22]} Rc1+ {[%clk
0:17:12]} 46. Kh2 {[%clk 0:02:45]} c2 {[%clk 0:17:17]} 47. Ra7 {[%clk 0:02:12]}
Kd3 {[%clk 0:16:41]} 48. Rxg7 {[%clk 0:01:48]} Bc3 {[%clk 0:16:04]} 49. Rg3+
{[%clk 0:01:55]} Kd2 {[%clk 0:15:56]} 50. Rgxc3 {[%clk 0:02:10]} h5 {[%clk
0:16:10]} 51. R3c5 {[%clk 0:02:17]} h4 {[%clk 0:16:27]} 52. Rc4 {[%clk 0:02:26]}
Kd3 {[%clk 0:16:43]} 53. Rxh4 {[%clk 0:02:44]} Rb1 {[%clk 0:16:51]} 54. Rhc4
{[%clk 0:02:31]} Rc1 {[%clk 0:17:10]} 55. h4 {[%clk 0:02:40]} Kd2 {[%clk
0:17:35]} 56. h5 {[%clk 0:02:46]} Kd3 {[%clk 0:17:57]} 57. h6 {[%clk 0:03:02]}
Kd2 {[%clk 0:18:26]} 58. Rxc2+ {[%clk 0:03:21]} Rxc2 {[%clk 0:18:49]} 59. Rxc2+
{[%clk 0:03:47]} Kxc2 {[%clk 0:19:17]} 60. h7 {[%clk 0:04:08]} Kd2 {[%clk
0:19:42]} 61. h8Q {[%clk 0:04:19]} Ke2 {[%clk 0:20:08]} 62. g4 {[%clk 0:04:18]}
Kxf2 {[%clk 0:20:30]} 63. g5 {[%clk 0:04:36]} Kf3 {[%clk 0:20:54]} 64. g6 {[%clk
0:04:59]} Kf2 {[%clk 0:21:16]} 65. g7 {[%clk 0:05:20]} Kf3 {[%clk 0:21:39]} 66.
g8R {[%clk 0:05:39]} Kf4 {[%clk 0:22:01]} 67. Qf6+ {[%clk 0:06:01]} Ke4 {[%clk
0:22:26]} 68. Re8+ {[%clk 0:06:25]} Kd5 {[%clk 0:22:52]} 69. Qf1 {[%clk 0:06:32]}
Kd6 {[%clk 0:23:14]} 70. Qd1+ {[%clk 0:06:53]} Kc7 {[%clk 0:23:33]} 71. Re2
{[%clk 0:07:14]} Kc6 {[%clk 0:24:00]} 72. Rc2+ {[%clk 0:07:35]} Kb5 {[%clk
0:24:28]} 73. Qb1+ {[%clk 0:07:54]} Ka4 {[%clk 0:24:55]} 74. Ra2# {[%clk
0:08:12]} 1-0

[Event "Girls U12 Polish Youth Championship"]
[Site "chess24.com"]
[Date "2018.04.30"]
[Round "3"]
[White "Olszewska, Wiktoria"]
[Black "Kowalczyk, Barbara"]
[Result "0-1"]
[Board "18"]
[WhiteElo "1117"]
[WhiteCountry "POL"]
[WhiteFideId "21836485"]
[WhiteEloChange "-6"]
[BlackElo "1261"]
[BlackCountry "POL"]
[BlackFideId "21837317"]
[BlackEloChange "6"]

1. e4 {[%clk 1:30:57]} e5 {[%clk 1:30:49]} 2. Nf3 {[%clk 1:31:04]} Nc6 {[%clk
1:31:13]} 3. Bb5 {[%clk 1:31:23]} a6 {[%clk 1:31:20]} 4. Ba4 {[%clk 1:31:42]} Nf6
{[%clk 1:31:33]} 5. O-O {[%clk 1:31:15]} Nxe4 {[%clk 1:31:48]} 6. d4 {[%clk
1:30:33]} b5 {[%clk 1:31:49]} 7. Bb3 {[%clk 1:30:11]} d5 {[%clk 1:31:56]} 8. dxe5
{[%clk 1:29:27]} Be6 {[%clk 1:31:54]} 9. Nbd2 {[%clk 1:27:50]} Nc5 {[%clk
1:23:08]} 10. c3 {[%clk 1:25:52]} Nd3 {[%clk 1:21:02]} 11. Qe2 {[%clk 1:22:29]}
Nf4 {[%clk 1:18:44]} 12. Qe3 {[%clk 1:20:51]} Ng6 {[%clk 1:17:50]} 13. Re1 {[%clk
1:16:23]} Be7 {[%clk 1:17:41]} 14. Bc2 {[%clk 1:14:43]} O-O {[%clk 1:13:21]} 15.
Nb3 {[%clk 1:13:41]} b4 {[%clk 1:04:24]} 16. Bd2 {[%clk 1:03:32]} a5 {[%clk
1:01:54]} 17. Nc5 {[%clk 0:54:01]} Nh4 {[%clk 0:51:38]} 18. Nxe6 {[%clk 0:48:29]}
fxe6 {[%clk 0:51:05]} 19. Nd4 {[%clk 0:47:21]} Nxd4 {[%clk 0:50:08]} 20. Qxd4
{[%clk 0:47:18]} c5 {[%clk 0:48:50]} 21. Qd3 {[%clk 0:41:58]} Nf5 {[%clk
0:47:58]} 22. b3 {[%clk 0:34:57]} g6 {[%clk 0:46:26]} 23. Rac1 {[%clk 0:25:42]}
Bg5 {[%clk 0:45:47]} 24. Bb1 {[%clk 0:20:46]} Bxd2 {[%clk 0:44:21]} 25. Qxd2
{[%clk 0:20:44]} Qb6 {[%clk 0:44:05]} 26. cxb4 {[%clk 0:16:17]} axb4 {[%clk
0:42:14]} 27. Qg5 {[%clk 0:13:54]} Rac8 {[%clk 0:38:31]} 28. g4 {[%clk 0:12:44]}
Ng7 {[%clk 0:37:41]} 29. h4 {[%clk 0:08:56]} Qd8 {[%clk 0:37:31]} 30. Qh6 {[%clk
0:08:34]} d4 {[%clk 0:35:43]} 31. Bd3 {[%clk 0:07:57]} Qe7 {[%clk 0:34:57]} 32.
h5 {[%clk 0:07:06]} Qh4 {[%clk 0:34:55]} 33. Rc2 {[%clk 0:06:28]} Qxg4+ {[%clk
0:35:09]} 34. Kh2 {[%clk 0:03:20]} Qxh5+ {[%clk 0:35:14]} 35. Qxh5 {[%clk
0:03:32]} Nxh5 {[%clk 0:35:38]} 36. Bc4 {[%clk 0:03:28]} Ng7 {[%clk 0:34:09]} 37.
Ree2 {[%clk 0:02:53]} Rcd8 {[%clk 0:31:54]} 38. Bd3 {[%clk 0:02:54]} Rc8 {[%clk
0:30:55]} 39. Bc4 {[%clk 0:02:55]} Kf7 {[%clk 0:30:57]} 40. Re4 {[%clk 0:02:49]}
Ke7 {[%clk 0:30:53]} 41. Rh4 {[%clk 0:02:48]} h5 {[%clk 0:30:54]} 42. Re4 {[%clk
0:02:17]} g5 {[%clk 0:30:29]} 43. Kg3 {[%clk 0:02:00]} Nf5+ {[%clk 0:29:53]} 44.
Kh3 {[%clk 0:02:05]} Nh4 {[%clk 0:29:44]} 45. Kh2 {[%clk 0:01:38]} Rf5 {[%clk
0:29:24]} 46. Rce2 {[%clk 0:01:23]} Rd8 {[%clk 0:29:39]} 47. Bd3 {[%clk 0:01:33]}
Rf3 {[%clk 0:29:18]} 48. Rd2 {[%clk 0:01:32]} g4 {[%clk 0:29:15]} 49. Kg1 {[%clk
0:01:11]} Rg8 {[%clk 0:28:08]} 50. Be2 {[%clk 0:01:09]} Rf5 {[%clk 0:28:00]} 51.
Rd3 {[%clk 0:01:13]} Nf3+ {[%clk 0:27:36]} 52. Bxf3 {[%clk 0:00:56]} gxf3+ {[%clk
0:27:21]} 53. Kf1 {[%clk 0:01:15]} Rgg5 {[%clk 0:27:09]} 54. Rh4 {[%clk 0:00:52]}
Rg4 {[%clk 0:27:01]} 55. Rh3 {[%clk 0:00:58]} Rgf4 {[%clk 0:26:12]} 56. Rg3
{[%clk 0:00:50]} Rxe5 {[%clk 0:26:29]} 57. Rgxf3 {[%clk 0:00:58]} Rxf3 {[%clk
0:26:51]} 58. Rxf3 {[%clk 0:01:20]} Kd6 {[%clk 0:27:09]} 59. Rd3 {[%clk 0:01:11]}
Kd5 {[%clk 0:27:10]} 60. f3 {[%clk 0:01:18]} Re3 {[%clk 0:27:31]} 61. Rxe3 {[%clk
0:00:48]} dxe3 {[%clk 0:26:48]} 62. Ke2 {[%clk 0:00:41]} Kd4 {[%clk 0:26:59]} 63.
f4 {[%clk 0:00:39]} h4 {[%clk 0:27:09]} 64. Kf3 {[%clk 0:00:44]} Kd3 {[%clk
0:27:29]} 65. Kg2 {[%clk 0:00:58]} e2 {[%clk 0:27:49]} 66. Kf2 {[%clk 0:01:16]}
Kd2 {[%clk 0:28:13]} 67. Kg2 {[%clk 0:00:57]} h3+ {[%clk 0:28:34]} 68. Kxh3
{[%clk 0:01:15]} e1Q {[%clk 0:28:58]} 0-1

[Event "Girls U12 Polish Youth Championship"]
[Site "chess24.com"]
[Date "2018.04.30"]
[Round "3"]
[White "Walendykiewicz, Martyna"]
[Black "Wiecek, Karolina"]
[Result "1-0"]
[Board "19"]
[WhiteElo "1071"]
[WhiteCountry "POL"]
[WhiteFideId "21832927"]
[WhiteEloChange "14"]
[BlackElo "1221"]
[BlackCountry "POL"]
[BlackFideId "1198440"]
[BlackEloChange "-14"]

1. e4 {[%clk 1:30:58]} d5 {[%clk 1:30:53]} 2. exd5 {[%clk 1:31:22]} Nf6 {[%clk
1:31:18]} 3. Nf3 {[%clk 1:31:39]} Nxd5 {[%clk 1:31:37]} 4. Be2 {[%clk 1:31:42]}
g6 {[%clk 1:30:20]} 5. h3 {[%clk 1:31:01]} Bg7 {[%clk 1:30:36]} 6. Nc3 {[%clk
1:30:05]} Nxc3 {[%clk 1:30:13]} 7. dxc3 {[%clk 1:30:29]} Qxd1+ {[%clk 1:28:52]}
8. Bxd1 {[%clk 1:30:53]} Nc6 {[%clk 1:29:06]} 9. Be3 {[%clk 1:31:00]} e5 {[%clk
1:26:10]} 10. Be2 {[%clk 1:30:25]} Bd7 {[%clk 1:25:45]} 11. Bb5 {[%clk 1:29:32]}
a6 {[%clk 1:22:11]} 12. Ba4 {[%clk 1:28:59]} O-O-O {[%clk 1:21:40]} 13. O-O-O
{[%clk 1:27:58]} f5 {[%clk 1:16:15]} 14. Rhg1 {[%clk 1:24:49]} e4 {[%clk
1:14:40]} 15. Nd4 {[%clk 1:24:28]} Nxd4 {[%clk 1:14:25]} 16. Bxd7+ {[%clk
1:24:36]} Rxd7 {[%clk 1:14:35]} 17. Bxd4 {[%clk 1:25:01]} Bh6+ {[%clk 1:13:11]}
18. Be3 {[%clk 1:23:08]} Bxe3+ {[%clk 1:12:59]} 19. fxe3 {[%clk 1:23:30]} Rxd1+
{[%clk 1:12:19]} 20. Kxd1 {[%clk 1:23:41]} Rf8 {[%clk 1:11:58]} 21. Rf1 {[%clk
1:23:42]} Kd7 {[%clk 1:12:04]} 22. Ke2 {[%clk 1:23:48]} Ke7 {[%clk 1:10:21]} 23.
g3 {[%clk 1:21:17]} h5 {[%clk 1:09:44]} 24. h4 {[%clk 1:19:14]} Rd8 {[%clk
1:09:36]} 25. Rb1 {[%clk 1:13:47]} Kf6 {[%clk 1:08:42]} 26. a3 {[%clk 1:08:20]}
Rd7 {[%clk 1:06:41]} 27. b4 {[%clk 1:06:27]} b5 {[%clk 1:02:59]} 28. Ra1 {[%clk
1:06:31]} c6 {[%clk 1:02:03]} 29. a4 {[%clk 1:04:25]} Kg7 {[%clk 0:58:22]} 30.
axb5 {[%clk 1:02:53]} axb5 {[%clk 0:58:41]} 31. Ra6 {[%clk 1:03:06]} Rc7 {[%clk
0:59:05]} 32. Rb6 {[%clk 1:03:10]} Kf7 {[%clk 0:59:03]} 33. Kd2 {[%clk 1:02:20]}
Rd7+ {[%clk 0:59:08]} 34. Kc1 {[%clk 1:02:26]} Rc7 {[%clk 0:59:26]} 35. Kb2
{[%clk 1:02:42]} Ke7 {[%clk 0:56:36]} 36. Kb3 {[%clk 1:02:49]} Kf7 {[%clk
0:51:56]} 37. c4 {[%clk 1:02:57]} bxc4+ {[%clk 0:52:20]} 38. Kxc4 {[%clk
1:03:14]} Ke7 {[%clk 0:51:14]} 39. Kc5 {[%clk 1:01:00]} Kd7 {[%clk 0:51:24]} 40.
c3 {[%clk 1:00:38]} Rc8 {[%clk 0:49:19]} 41. Rb7+ {[%clk 1:00:35]} Rc7 {[%clk
0:49:39]} 42. Rxc7+ {[%clk 0:59:16]} Kxc7 {[%clk 0:50:02]} 43. c4 {[%clk
0:59:30]} f4 {[%clk 0:46:27]} 44. gxf4 {[%clk 0:59:32]} 1-0

[Event "Girls U12 Polish Youth Championship"]
[Site "chess24.com"]
[Date "2018.04.30"]
[Round "3"]
[White "Szymajda, Karolina"]
[Black "Tim, Anna"]
[Result "1/2-1/2"]
[Board "20"]
[WhiteElo "1215"]
[WhiteCountry "POL"]
[WhiteFideId "21836566"]
[WhiteEloChange "-1"]
[BlackElo "1189"]
[BlackCountry "POL"]
[BlackFideId "21861633"]
[BlackEloChange "1"]

1. e4 {[%clk 1:30:56]} c5 {[%clk 1:30:54]} 2. Nf3 {[%clk 1:31:18]} e6 {[%clk
1:31:18]} 3. d4 {[%clk 1:31:44]} cxd4 {[%clk 1:31:40]} 4. Nxd4 {[%clk 1:32:03]}
a6 {[%clk 1:31:51]} 5. Nc3 {[%clk 1:32:11]} b5 {[%clk 1:32:09]} 6. a3 {[%clk
1:32:27]} Bb7 {[%clk 1:31:31]} 7. Bd3 {[%clk 1:32:20]} d6 {[%clk 1:31:51]} 8. O-O
{[%clk 1:32:09]} Nf6 {[%clk 1:31:55]} 9. Bg5 {[%clk 1:29:34]} Be7 {[%clk
1:32:01]} 10. Nf3 {[%clk 1:28:25]} O-O {[%clk 1:30:58]} 11. Re1 {[%clk 1:27:20]}
Nbd7 {[%clk 1:26:47]} 12. Qd2 {[%clk 1:21:11]} Nc5 {[%clk 1:20:47]} 13. b4 {[%clk
1:14:02]} Nxd3 {[%clk 1:17:00]} 14. cxd3 {[%clk 1:11:47]} Rc8 {[%clk 1:14:29]}
15. Rad1 {[%clk 1:09:18]} Qb6 {[%clk 1:11:08]} 16. Be3 {[%clk 1:06:30]} Qd8
{[%clk 1:08:23]} 17. Nd4 {[%clk 0:56:49]} Rc7 {[%clk 1:07:15]} 18. Nce2 {[%clk
0:52:59]} Qc8 {[%clk 1:06:39]} 19. Rc1 {[%clk 0:51:06]} Rd8 {[%clk 1:04:14]} 20.
Nf3 {[%clk 0:49:37]} Rdd7 {[%clk 1:01:47]} 21. Bb6 {[%clk 0:39:43]} Rc6 {[%clk
0:56:56]} 22. Ned4 {[%clk 0:38:06]} Rxc1 {[%clk 0:55:48]} 23. Rxc1 {[%clk
0:38:27]} Qb8 {[%clk 0:55:32]} 24. Qc3 {[%clk 0:33:56]} Bd8 {[%clk 0:52:10]} 25.
Nc6 {[%clk 0:28:34]} Bxc6 {[%clk 0:51:50]} 26. Bxd8 {[%clk 0:28:51]} Rxd8 {[%clk
0:52:09]} 27. Qxc6 {[%clk 0:29:16]} Qa8 {[%clk 0:51:42]} 28. Qc7 {[%clk 0:27:19]}
h6 {[%clk 0:50:46]} 29. e5 {[%clk 0:26:01]} dxe5 {[%clk 0:50:39]} 30. Nxe5 {[%clk
0:26:11]} Rf8 {[%clk 0:50:10]} 1/2-1/2

[Event "Girls U12 Polish Youth Championship"]
[Site "chess24.com"]
[Date "2018.04.30"]
[Round "3"]
[White "Karys, Katarzyna"]
[Black "Wieczorek, Julia"]
[Result "0-1"]
[Board "21"]
[WhiteElo "1084"]
[WhiteCountry "POL"]
[WhiteFideId "21834253"]
[WhiteEloChange "-10"]
[BlackElo "1086"]
[BlackCountry "POL"]
[BlackFideId "21853363"]
[BlackEloChange "10"]

1. e4 {[%clk 1:30:56]} c5 {[%clk 1:30:49]} 2. Nf3 {[%clk 1:31:18]} g6 {[%clk
1:31:12]} 3. d4 {[%clk 1:31:43]} cxd4 {[%clk 1:31:30]} 4. Nxd4 {[%clk 1:32:07]}
Bg7 {[%clk 1:31:54]} 5. Nc3 {[%clk 1:32:29]} Nc6 {[%clk 1:28:13]} 6. Be3 {[%clk
1:32:36]} Nf6 {[%clk 1:23:57]} 7. Be2 {[%clk 1:31:47]} O-O {[%clk 1:22:46]} 8.
Qd2 {[%clk 1:31:35]} d5 {[%clk 1:11:24]} 9. exd5 {[%clk 1:30:17]} Nxd5 {[%clk
1:10:57]} 10. Nxd5 {[%clk 1:30:26]} Qxd5 {[%clk 1:10:58]} 11. c3 {[%clk 1:29:58]}
Nxd4 {[%clk 1:08:58]} 12. Bxd4 {[%clk 1:29:48]} Bxd4 {[%clk 1:08:13]} 13. Qxd4
{[%clk 1:29:07]} Qxg2 {[%clk 1:08:15]} 14. O-O-O {[%clk 1:28:38]} Bf5 {[%clk
1:03:31]} 15. Bd3 {[%clk 1:27:19]} Rfd8 {[%clk 1:02:17]} 16. Bxf5 {[%clk
1:24:18]} Rxd4 {[%clk 1:01:59]} 17. cxd4 {[%clk 1:24:35]} Qg5+ {[%clk 1:01:53]}
18. Kb1 {[%clk 1:24:39]} Qxf5+ {[%clk 1:02:15]} 19. Ka1 {[%clk 1:25:01]} Qxf2
{[%clk 1:02:00]} 20. d5 {[%clk 1:25:25]} Rd8 {[%clk 1:01:52]} 21. b3 {[%clk
1:25:35]} Qf6+ {[%clk 1:00:56]} 22. Kb1 {[%clk 1:25:26]} Qf5+ {[%clk 1:01:19]}
23. Ka1 {[%clk 1:25:46]} Rxd5 {[%clk 1:01:41]} 24. Rxd5 {[%clk 1:26:02]} Qxd5
{[%clk 1:02:01]} 25. Re1 {[%clk 1:25:42]} Qd4+ {[%clk 1:01:25]} 26. Kb1 {[%clk
1:25:51]} Qd3+ {[%clk 1:01:47]} 27. Kc1 {[%clk 1:25:56]} e5 {[%clk 1:00:37]} 28.
Rd1 {[%clk 1:25:58]} Qc3+ {[%clk 0:58:08]} 29. Kb1 {[%clk 1:26:07]} e4 {[%clk
0:57:03]} 30. Rc1 {[%clk 1:26:25]} Qd3+ {[%clk 0:57:04]} 31. Ka1 {[%clk 1:26:47]}
e3 {[%clk 0:57:05]} 32. h3 {[%clk 1:27:04]} e2 {[%clk 0:57:07]} 33. h4 {[%clk
1:27:07]} Qd2 {[%clk 0:57:24]} 34. Rb1 {[%clk 1:27:24]} e1Q {[%clk 0:57:31]} 35.
Rxe1 {[%clk 1:27:42]} Qxe1+ {[%clk 0:57:55]} 36. Kb2 {[%clk 1:28:06]} Qxh4 {[%clk
0:58:17]} 37. Ka3 {[%clk 1:28:30]} h5 {[%clk 0:58:26]} 38. Kb2 {[%clk 1:28:53]}
Qd4+ {[%clk 0:58:34]} 39. Ka3 {[%clk 1:29:16]} h4 {[%clk 0:58:29]} 40. b4 {[%clk
1:29:41]} h3 {[%clk 0:58:16]} 41. b5 {[%clk 1:30:02]} Qe4 {[%clk 0:58:33]} 42.
Kb3 {[%clk 1:30:18]} h2 {[%clk 0:58:56]} 43. Ka3 {[%clk 1:30:45]} h1Q {[%clk
0:59:16]} 44. Kb3 {[%clk 1:31:13]} Qh3+ {[%clk 0:59:29]} 45. Kb2 {[%clk 1:31:38]}
Qe2+ {[%clk 0:59:51]} 46. Ka1 {[%clk 1:31:56]} Qh1# {[%clk 1:00:15]} 0-1

[Event "Girls U12 Polish Youth Championship"]
[Site "chess24.com"]
[Date "2018.04.30"]
[Round "3"]
[White "Sivickis, Kornelia"]
[Black "Szewczuk, Aleksandra"]
[Result "1/2-1/2"]
[Board "22"]
[WhiteElo "1026"]
[WhiteCountry "POL"]
[WhiteFideId "21836531"]
[WhiteEloChange "4"]
[BlackElo "1178"]
[BlackCountry "POL"]
[BlackFideId "21861625"]
[BlackEloChange "-4"]

1. e4 {[%clk 1:30:58]} c6 {[%clk 1:30:23]} 2. d4 {[%clk 1:31:21]} d5 {[%clk
1:30:45]} 3. exd5 {[%clk 1:31:47]} cxd5 {[%clk 1:31:08]} 4. c4 {[%clk 1:32:14]}
Bf5 {[%clk 1:29:35]} 5. Nc3 {[%clk 1:31:32]} e6 {[%clk 1:28:53]} 6. Qb3 {[%clk
1:30:25]} b6 {[%clk 1:20:32]} 7. cxd5 {[%clk 1:29:51]} exd5 {[%clk 1:18:52]} 8.
Qb5+ {[%clk 1:23:24]} Qd7 {[%clk 1:16:56]} 9. Qxd7+ {[%clk 1:23:21]} Nxd7 {[%clk
1:16:52]} 10. Nxd5 {[%clk 1:23:35]} Bd6 {[%clk 1:16:04]} 11. Bb5 {[%clk 1:16:07]}
Be4 {[%clk 1:15:39]} 12. Bxd7+ {[%clk 1:13:38]} Kxd7 {[%clk 1:15:55]} 13. Ne3
{[%clk 1:14:04]} Re8 {[%clk 1:15:25]} 14. Nf3 {[%clk 1:08:12]} Nf6 {[%clk
1:13:25]} 15. O-O {[%clk 0:55:56]} Rc8 {[%clk 1:10:21]} 16. Ng5 {[%clk 0:45:33]}
Bg6 {[%clk 1:08:50]} 17. Bd2 {[%clk 0:44:19]} h6 {[%clk 1:07:47]} 18. Nf3 {[%clk
0:44:44]} Be4 {[%clk 1:04:23]} 19. Rac1 {[%clk 0:44:10]} Bxf3 {[%clk 1:01:30]}
20. gxf3 {[%clk 0:43:37]} g6 {[%clk 1:00:51]} 21. Ng4 {[%clk 0:39:08]} Nxg4
{[%clk 0:59:50]} 22. fxg4 {[%clk 0:39:15]} h5 {[%clk 0:59:23]} 23. g5 {[%clk
0:34:59]} Rhe8 {[%clk 0:58:43]} 24. Rxc8 {[%clk 0:33:50]} Rxc8 {[%clk 0:59:03]}
25. Rc1 {[%clk 0:33:53]} Re8 {[%clk 0:58:52]} 26. Re1 {[%clk 0:33:41]} Rc8 {[%clk
0:57:43]} 27. Rc1 {[%clk 0:33:54]} Re8 {[%clk 0:57:59]} 28. Re1 {[%clk 0:31:22]}
Rc8 {[%clk 0:58:22]} 29. Rc1 {[%clk 0:31:46]} Re8 {[%clk 0:58:43]} 30. Re1 {[%clk
0:32:11]} Rc8 {[%clk 0:59:10]} 31. Rc1 {[%clk 0:32:30]} Re8 {[%clk 0:58:40]} 32.
Kf1 {[%clk 0:32:30]} Rc8 {[%clk 0:58:59]} 33. Kg1 {[%clk 0:32:54]} Ra8 {[%clk
0:58:59]} 1/2-1/2

[Event "Girls U12 Polish Youth Championship"]
[Site "chess24.com"]
[Date "2018.04.30"]
[Round "3"]
[White "Kandula, Jasmina"]
[Black "Golinska, Patrycja"]
[Result "0-1"]
[Board "23"]
[WhiteElo "1143"]
[WhiteCountry "POL"]
[WhiteFideId "21844330"]
[WhiteEloChange "-12"]
[BlackElo "1056"]
[BlackCountry "POL"]
[BlackFideId "21836744"]
[BlackEloChange "12"]

1. e4 {[%clk 1:30:58]} e5 {[%clk 1:30:56]} 2. Nf3 {[%clk 1:31:24]} Nc6 {[%clk
1:31:18]} 3. d4 {[%clk 1:31:47]} exd4 {[%clk 1:31:39]} 4. Nxd4 {[%clk 1:32:11]}
Bc5 {[%clk 1:31:57]} 5. Be3 {[%clk 1:32:39]} Qf6 {[%clk 1:31:59]} 6. c3 {[%clk
1:33:08]} Nge7 {[%clk 1:28:37]} 7. g3 {[%clk 1:31:54]} O-O {[%clk 1:27:08]} 8.
Bg2 {[%clk 1:30:51]} Ng6 {[%clk 1:25:25]} 9. O-O {[%clk 1:28:26]} d6 {[%clk
1:24:46]} 10. Nxc6 {[%clk 1:27:40]} bxc6 {[%clk 1:24:33]} 11. Bxc5 {[%clk
1:27:28]} dxc5 {[%clk 1:24:37]} 12. Nd2 {[%clk 1:26:19]} Ne5 {[%clk 1:24:06]} 13.
Qc2 {[%clk 1:21:55]} Be6 {[%clk 1:23:51]} 14. Rae1 {[%clk 1:11:12]} Rad8 {[%clk
1:23:31]} 15. Nf3 {[%clk 1:06:51]} Nxf3+ {[%clk 1:22:49]} 16. Bxf3 {[%clk
1:07:12]} Qxf3 {[%clk 1:23:11]} 17. Re3 {[%clk 1:06:42]} Qf6 {[%clk 1:23:01]} 18.
Qa4 {[%clk 1:05:00]} Bh3 {[%clk 1:22:47]} 19. Rfe1 {[%clk 1:02:16]} Rd2 {[%clk
1:22:55]} 20. Qb3 {[%clk 1:02:01]} Qxf2+ {[%clk 1:23:11]} 21. Kh1 {[%clk
1:02:12]} Bg2# {[%clk 1:23:29]} 0-1